JUST JUGGLERY JUGGLING ACT II (Record no. 20058)

MARC details
000 -LEADER
fixed length control field 00336nam a2200133Ia 4500
008 - FIXED-LENGTH DATA ELEMENTS--GENERAL INFORMATION
fixed length control field 240624s9999 xx 000 0 und d
041 ## - LANGUAGE CODE
Language code of text/sound track or separate title eng
082 ## - DEWEY DECIMAL CLASSIFICATION NUMBER
Classification number 823 SUR
100 ## - MAIN ENTRY--PERSONAL NAME
Personal name SURAIYA JUG
245 ## - TITLE STATEMENT
Title JUST JUGGLERY JUGGLING ACT II
260 ## - PUBLICATION, DISTRIBUTION, ETC.
Date of publication, distribution, etc. 2011
Place of publication, distribution, etc. New Delhi
Name of publisher, distributor, etc. Times Group Books
300 ## - PHYSICAL DESCRIPTION
Extent 215 : p. : cm. ; 20
365 ## - TRADE PRICE
Currency code RS
Price amount 25
Holdings
Withdrawn status Lost status Damaged status Not for loan Home library Current library Shelving location Date acquired Source of acquisition Cost, normal purchase price Total Checkouts Full call number Barcode Date due Date last seen Date last checked out Copy number Price effective from Koha item type
        IMTN IMTN Rack 41-A 10/04/2012 WBD 199.00 3 823 SUR 20058 07/14/2025 07/04/2025 07/04/2025 1 06/24/2024 Books
Designed & Maintained by: LRC IMT Nagpur Contact: lrc@imtnag.ac.in© 2024. All Rights Reserved.